All Counter-Strike 2 Weapons - Statistics

General Stats
  • This quiz has been taken 14 times
  • The average score is 33 of 64
Answer Stats
Type of Weapon CT Or T Price Weapon % Correct
Rifle T $2700 AK-47
100%
Rifle (With Scope) Both $4750 AWP
92%
Pistol Both $700 Desert Eagle
92%
Rifle (With Scope) CT $3300 AUG
83%
Pistol T $200 Glock-18
83%
Rifle CT $2900 M4A1-S
83%
SMGs Both $2350 P90
83%
Pistol CT $200 USP-S
83%
Grenades Both $200 Flashbang
75%
Rifle T $1800 Galil AR
75%
SMGs T $1050 MAC-10
75%
Grenades T $400 Molotov
75%
SMGs CT $1250 MP9
75%
Grenades Both $300 Smoke Grenade
75%
Grenades Both $50 Decoy Grenade
67%
Rifle CT $2050 FAMAS
67%
Knife Both $0 Karambit
67%
Rifle CT $3100 M4A4
67%
Heavy Gun Both $1700 Negev
67%
Pistol CT $500 Five-SeveN
58%
Heavy Gun CT $1300 MAG-7
58%
SMGs Both $1500 MP5-SD
58%
SMGs Both $1500 MP7
58%
Pistol CT $200 P2000
58%
Pistol Both $300 P250
58%
Pistol Both $600 R8 Revolver
58%
Heavy Gun T $1100 Sawed-Off
58%
Pistol T $500 Tec-9
58%
SMGs Both $1200 UMP-45
58%
Other Both $200 Zeus x27
58%
Other Both $650 Armor
50%
Other Both $1000 Armor + Helmet
50%
Knife Both $0 Butterfly Knife
50%
Grenades Both $300 HE Grenade
50%
Heavy Gun Both $5200 M249
50%
Heavy Gun Both $1050 Nova
50%
SMGs Both $1400 PP-Bizon
50%
Rifle (With Scope) CT $5000 SCAR-20
50%
Knife Both $0 Bowie Knife
42%
Knife Both $0 Classic Knife
42%
Other CT $400 Defuse Kit
42%
Pistol Both $300 Dual Berettas
42%
Grenades CT $600 Incendiary Grenade
42%
Knife Both $0 Navaja Knife
42%
Rifle (With Scope) Both $1700 SSG 08
42%
Knife Both $0 Stiletto Knife
42%
Knife Both $0 Bayonet
33%
Knife Both $0 M9 Bayonet
33%
Rifle (With Scope) T $3000 SG 553
33%
Knife Both $0 Skeleton Knife
33%
Knife Both $0 Survival Knife
33%
Heavy Gun Both $2000 XM1014
33%
Knife Both $0 Flip Knife
25%
Rifle (With Scope) T $5000 G3SG1
25%
Knife Both $0 Gut Knife
25%
Knife Both $0 Huntsman Knife
25%
Knife Both $0 Nomad Knife
25%
Knife Both $0 Paracord Knife
25%
Knife Both $0 Talon Knife
25%
Knife Both $0 Ursus Knife
25%
Knife Both $0 Falchion Knife
17%
Knife Both $0 Shadow Daggers
17%
Pistol Both $500 C275-Auto
8%
Knife Both $0 Stock Knife
0%
No matching quizzes found
Score Distribution
Percent of People with Each Score
Percentile by Number Answered
Your Score History
You have not taken this quiz